Practice papers for MRCGP Written Exam Paper 1 (Record no. 4234)
[ view plain ]
| 000 -LEADER | |
|---|---|
| fixed length control field | 00567nam a22002057a 4500 |
| 003 - CONTROL NUMBER IDENTIFIER | |
| control field | OSt |
| 005 - DATE AND TIME OF LATEST TRANSACTION | |
| control field | 20160530183813.0 |
| 008 - FIXED-LENGTH DATA ELEMENTS--GENERAL INFORMATION | |
| fixed length control field | 160530b xxu||||| |||| 00| 0 eng d |
| 020 ## - INTERNATIONAL STANDARD BOOK NUMBER | |
| International Standard Book Number | 1901198162 |
| 040 ## - CATALOGING SOURCE | |
| Transcribing agency | DNLM |
| 082 ## - DEWEY DECIMAL CLASSIFICATION NUMBER | |
| Classification number | WB18 D221p 2002 |
| 100 ## - MAIN ENTRY--PERSONAL NAME | |
| Personal name | Daniel, Rob; [et...al] |
| 9 (RLIN) | 9123 |
| 245 ## - TITLE STATEMENT | |
| Title | Practice papers for MRCGP Written Exam Paper 1 |
| 260 ## - PUBLICATION, DISTRIBUTION, ETC. (IMPRINT) | |
| Place of publication, distribution, etc. | Chishire; PasTest Ltd, 2002 |
| 300 ## - PHYSICAL DESCRIPTION | |
| Extent | iv,332p; ill: 25cm |
| 504 ## - BIBLIOGRAPHY, ETC. NOTE | |
| Bibliography, etc | Abbreviations, & index included |
| 650 ## - SUBJECT ADDED ENTRY--TOPICAL TERM | |
| Topical term or geographic name as entry element | Medicine exams |
| 9 (RLIN) | 9124 |
| 650 ## - SUBJECT ADDED ENTRY--TOPICAL TERM | |
| Topical term or geographic name as entry element | MCQS Clinicals |
| 9 (RLIN) | 9125 |
| 942 ## - ADDED ENTRY ELEMENTS (KOHA) | |
| Source of classification or shelving scheme | Other/Generic Classification Scheme |
| Koha item type | Open Shelf |
| Withdrawn status | Lost status | Source of classification or shelving scheme | Damaged status | Not for loan | Home library | Current library | Date acquired | Source of acquisition | Serial Enumeration / chronology | Total Checkouts | Full call number | Barcode | Date last seen | Koha item type |
|---|---|---|---|---|---|---|---|---|---|---|---|---|---|---|
| Other/Generic Classification Scheme | MUST Main Library | MUST Main Library | 30/05/2016 | 10/32733 | WB18 D221p 2002 | 2016-2252 | 30/05/2016 | Open Shelf |
